| 000 | 02314nam a2200361 i 4500 | ||
|---|---|---|---|
| 001 | 768714001 | ||
| 003 | CO-MdFUSB | ||
| 005 | 20230206120012.0 | ||
| 007 | cr ua aaaaa | ||
| 008 | 230206t2001 -us |||| |||| 00| 0 eng d | ||
| 020 |
_a9781467430227 _qelectrónico |
||
| 040 |
_aCO-MdFUSB _bspa _cCO-MdFUSB _dCO-MdFUSBC _erda |
||
| 041 | _aeng | ||
| 082 |
_223 _a296.09014 |
||
| 100 | 1 |
_aVanderKam, James C. _eautor |
|
| 245 | 3 |
_aAn introduction to early judaism _c/ James C. Vanderkam _h[electrónico] |
|
| 264 | 1 |
_aGrand Rapids, Michigan : _bWm. B. Eerdmans Publishing Company, _c[2001] |
|
| 264 | 4 | _c© 2001 | |
| 300 | _c; | ||
| 336 |
_2rdacontent _atexto _btxt |
||
| 337 |
_2rdamedia _ainformático _bc |
||
| 338 |
_2rdacarrier _aremoto _bcr |
||
| 505 | _aLa época del segundo templo. -- Literatura judía del período del Segundo Templo. -- Síntesis: Líderes, Grupos e Instituciones | ||
| 506 | _aSolicitar clave y usuario para acceder al libro electrónico. | ||
| 506 | _aLibro multiusuario. | ||
| 520 | _aUno de los eruditos más respetados de la historia bíblica y los Rollos del Mar Muerto, James C. VanderKam, ofrece aquí una excelente nueva introducción al judaísmo primitivo. Basado en las mejores y más recientes investigaciones arqueológicas, este volumen ilustrado explora la historia del judaísmo durante la Segunda Guerra Mundial. Período del templo (516 a. C. - 70 d. C.), que describe el cuerpo de la literatura judía escrita durante estos siglos y los grupos, instituciones y prácticas más importantes de la época. Particularmente interesantes son la descripción de VanderKam de los eventos asociados con Masada y la revuelta de Kokhba, y su comentario sobre los textos descubiertos en lugares como Elefantina, Egipto y Qumran. Escrito en el mismo estilo accesible que los ampliamente elogiados Dead Sea Scrolls Today de VanderKam, este volumen proporciona la mejor introducción en el aula al judaísmo primitivo disponible. | ||
| 650 | 7 |
_96881 _aJudaísmo |
|
| 856 |
_b3078014 _uhttps://search.ebscohost.com/login.aspx?direct=true&db=nlebk&AN=3078014&lang=es&site=ehost-live _zAbrir Versión electrónica del libro An introduction to early judaism |
||
| 942 | _cBK | ||
| 945 | _aJTF-925 | ||
| 999 |
_c68391 _d68391 |
||